000 00305nam a22001457a 4500
008 210301b ||||| |||| 00| 0 eng d
020 _a9780547394800
041 _aeng
080 _a82
082 _a82
100 _a21
101 _aGJL
245 _aTexas Write Source
_cKemper, D
942 _2udc
_cBK
999 _c55360
_d55360